000
00303nam a22001337a 4500
008
171016b xxu||||| |||| 00| 0 eng d
020
_a
9780130957108
041
_a
eng
080
_2
5 ED
_a
33
100
_a
52
101
_a
FAIR.C
245
_a
PRONCIPLES OF ECONOMICS
_c
FAIR.C
942
_2
udc
_c
BK
999
_c
34134
_d
34134